| 000 | 00473nam a2200157Ia 4500 | ||
|---|---|---|---|
| 003 | IN-BaIIA | ||
| 008 | 211028s9999 xx 000 0 eng d | ||
| 040 | _cIIA Library | ||
| 080 |
_a53(047) _bPHY |
||
| 100 |
_aFerguson Allan _92470 |
||
| 245 | 0 |
_aReports on progress in physics _bvol. II _cAllan Ferguson |
|
| 260 |
_aLondon _bThe Physical Society _c1952 |
||
| 300 | _a371p. | ||
| 650 |
_aPhysics, Progress. _92684 |
||
| 942 | _cBK | ||
| 999 |
_c1301 _d1301 |
||